Fr. Conceicao Rodrigues College of Engineering

Competitive strategy:Options and games (Record no. 34248)

MARC details
000 -LEADER
fixed length control field 00289nam a2200133Ia 4500
100 ## - MAIN ENTRY--PERSONAL NAME
Personal name Benovitchevalier
245 ## - TITLE STATEMENT
Title Competitive strategy:Options and games
260 ## - PUBLICATION, DISTRIBUTION, ETC.
Name of publisher, distributor, etc. prentice hall
Date of publication, distribution, etc. 2011
300 ## - PHYSICAL DESCRIPTION
Extent 488
546 ## - LANGUAGE NOTE
Language note ENGLISH
654 ## - SUBJECT ADDED ENTRY--FACETED TOPICAL TERMS
Focus term competitive
942 ## - ADDED ENTRY ELEMENTS (KOHA)
Koha item type BOOK
Holdings
Withdrawn status Lost status Damaged status Not for loan Collection Home library Current library Date acquired Cost, normal purchase price Inventory number Total Checkouts Full call number Barcode Date last seen Cost, replacement price Price effective from Koha item type
        CRC Fr. Agnel's C.Rodrigues College of Engineering Fr. Agnel's C.Rodrigues College of Engineering 17/03/2023 455.00 MMS/ICD/106 dt 23.07.2021   25791 29/05/2024 455.00   BOOK